| 000 | 00293 a2200121 4500 | ||
|---|---|---|---|
| 999 |
_c321781 _d321781 |
||
| 001 | 86708 | ||
| 003 | NUST | ||
| 005 | 20180123110603.0 | ||
| 008 | 180123b xxu||||| |||| 00| 0 eng d | ||
| 082 | _a320.95491 IRF | ||
| 100 |
_aIrfan Ahmed Khan _99573 |
||
| 245 |
_aPakistan Pe Kia Guzri _hUrdu |
||
| 260 |
_aLahore _bT&T Publishers _c2010 |
||
| 300 | _a200p. | ||
| 942 |
_aCAE NUST _cBK _k320.95491 IRF _2ddc |
||